Normal view
MARC view
- سمارة، احسان عبد المنعم عبد الهادي
Entry Personal Name
001 - CONTROL NUMBER
- control field: 65151
003 - CONTROL NUMBER IDENTIFIER
- control field: JO-AjAnu
005 - DATE AND TIME OF LATEST TRANSACTION
- control field: 20240326100206.0
008 - FIXED-LENGTH DATA ELEMENTS
- fixed length control field: 240326|| aca||aabn | a|a d
040 ## - CATALOGING SOURCE
- Original cataloging agency: JO-AjAnu
100 ## - HEADING--PERSONAL NAME
- Personal name: سمارة، احسان عبد المنعم عبد الهادي